Loading...
Olympicsinte katha /
| Main Author: | |
|---|---|
| Format: | Printed Book |
| Language: | Malayalam |
| Published: |
Kottayam:
D C Books,
2008.
|
| Subjects: |
| LEADER | 00556 a2200169 4500 | ||
|---|---|---|---|
| 008 | 130718b xxu||||| |||| 00| 0 mal d | ||
| 020 | |a 9788126420339 | ||
| 082 | |a 796.48 | ||
| 100 | |a Thomas, Sanil P | ||
| 245 | |a Olympicsinte katha / |c Sanil P Thomas | ||
| 260 | |a Kottayam: |b D C Books, |c 2008. | ||
| 300 | |a 156p. ; |c 21 cm. | ||
| 546 | |a in malayalam | ||
| 650 | |a Olympics | ||
| 942 | |c BK | ||
| 999 | |c 98848 |d 98848 | ||
| 952 | |0 0 |1 0 |4 0 |6 796_480000000000000_THO_O_M |7 0 |9 98279 |a UL |b UL |c ST1 |d 2013-01-31 |e 2 |g 49.00 |l 2 |o 796.48 THO/ O M |p 88387 |r 2016-07-27 |s 2016-07-19 |v 70.00 |y BK | ||